000 01343nam a2200373 4500
001 177364
003 ES-MaACL
005 20250829062536.0
008 110317s2009 sp ad |||| |dspa d
017 _aM 7682-2009
020 _a9788436255690 (o.c.)
020 _a9788436255706 (v.1)
020 _a9788436255713 (v.2)
080 _a929 Tusell, Javier
080 _a94(460)"18"(082.2)
080 _a94(460)"19"(082.2)
245 0 0 _aHistoria, política y cultura
_b: homenaje a Javier Tusell /
_cJuan Avilés (coordinador).
250 _a1ª ed.
260 _aMadrid :
_bUniversidad Nacional de Educación a Distancia,
_c2009.
300 _a2 v. (495 ; 411 p.) :
_bgráf. ;
_c24 cm.
490 1 _aVaria
504 _aReferencias bibliográficas.
600 1 7 _aTusell, Javier-
_vHomenajes.
_9145696
651 7 _aEspaña-
_xHistoria-
_yS.XIX
_2
_9142005
651 7 _aEspaña-
_xHistoria-
_yS.XX.
_9138832
655 7 _2tgfbne
_9226850
_aHomenajes
700 1 _aAvilés Farré, Juan,
_d1950-2023
_924073
710 2 _aUniversidad Nacional de Educación a Distancia (España)
_97405
830 1 _aVaria
_9180562
852 _aES-MaACL
_bR.145744
_9184182
_jA-11045
_dOlim: N-4050 ;
_cDEPO1
_pv.1
852 _aES-MaACL
_9 200456
_bR.145744
_jA-11046
_dOlim: N-4051
_cDEPO1
_pv.2
942 _2udc
999 _c177364
_d177364